ultimate Outlander names - Statistics

General Stats
  • This quiz has been taken 159 times
  • The average score is 23 of 45
Answer Stats
surname First % Correct
Fraser Jamie
99%
Grey John
95%
quincy myers John
95%
randall Frank
89%
Ian
88%
Claire
87%
Murray Jenny
85%
Brianna
83%
Mackenzie Dougal
83%
bonnet stephen
75%
Roger
73%
Hawkins Mary
71%
Murtagh
71%
William
71%
william
71%
Colum
69%
Cameron Jocasta
69%
Stuart Charles
68%
Fergus
62%
Marsali
57%
Laoghaire
55%
Mckimmie Laoghaire
55%
Black jack
49%
Young ian
48%
Sandringham Duke
46%
M'hor Angus
42%
alexander
40%
Rupert
37%
Jocasta's butler Ulysses
36%
wemyss Lizzie
30%
dunsany Geneva
29%
Isobel
26%
french apothecary Master raymond
25%
french nun Mother Hildegard
25%
Beardsley Josiah
21%
De Rohan Louise
21%
joanie
20%
governor tryon
20%
Keziah
18%
richard
17%
Brown Lionel
14%
Forbes Gerald
13%
Fitzgibbons Glenna
12%
wylie philip
7%
gordon
2%
No matching quizzes found
Score Distribution
Percent of People with Each Score
Percentile by Number Answered
Your Score History
You have not taken this quiz